Statistiken für Städte Europas in Bildern

Klicken Sie hier um das Quiz zu spielen!

Allgemein

  • Dieses Quiz wurde 149 mal gespielt
  • Das Durchschnittsergebnis liegt bei 11 aus 15

Antwortstatistiken

Antwort% Korrekt
London
99%
Moskau
97%
Amsterdam
96%
Venedig
95%
Brüssel
90%
Köln
81%
Istanbul
80%
Paris
78%
München
64%
Wien
64%
Mailand
60%
Budapest
50%
Dubrovnik
40%
Sofia
34%
Mostar
24%

Verteilung der Resultate

Perzentil nach korrekt beantworteten Fragen

Anzahl Personen mit jedem Resultat

Ihre Resultats-Entwicklung

Sie haben dieses Quiz noch nicht gespielt